000 00625nam a2200217 a 4500
999 _c3710
_d3710
001 3710
003 BD-JhCC
005 20171116184348.0
008 171116s1977 bg ||||| |||| 00| 0 ben d
035 _a(BD-JhCC)3710
040 _aBD-JhCC
_dBD-JhCC
041 _aben
082 _a891.4415
_bMOU 1977
100 _aমওলা, মনজুরে
245 _aনিমগ্ন, কি করে পারো /
_c মনজুরে মওলা
260 _aঢাকা :
_bমুক্তধারা,
_c1977.
300 _a69 p. :
_c21 cm.
650 _aCollection of Poems
942 _2ddc
_cBK